A companion to philosophical logic /

Bibliographic Details
Other Authors: Jacquette, Dale
Format: Book
Language:English
Published: Malden, Mass. : Blackwell, 2002.
Series:Blackwell companions to philosophy ; 22.
Subjects:

MARC

Tag First Indicator Second Indicator Subfields
LEADER 00000cam a22000004a 4500
001 in00001663178
005 20151024121147.0
008 010730s2002 maua b 001 0 eng
010 |a  2001043236 
020 |a 0631216715 (alk. paper) 
035 |a (OCoLC)ocm47805046 
040 |a DLC  |c DLC  |d C#P  |d UtOrBLW 
042 |a pcc 
049 |a TXAM 
050 0 0 |a BC71  |b .C65 2002 
082 0 0 |a 160  |2 21 
245 0 2 |a A companion to philosophical logic /  |c edited by Dale Jacquette. 
264 1 |a Malden, Mass. :  |b Blackwell,  |c 2002. 
300 |a xiii, 816 pages :  |b illustrations ;  |c 26 cm. 
336 |a text  |b txt  |2 rdacontent 
337 |a unmediated  |b n  |2 rdamedia 
338 |a volume  |b nc  |2 rdacarrier 
490 1 |a Blackwell companions to philosophy ;  |v 22 
504 |a Includes bibliographical references and index. 
650 0 |a Logic. 
700 1 |a Jacquette, Dale. 
830 0 |a Blackwell companions to philosophy ;  |v 22. 
994 |a E0  |b TXA 
948 |a cataloged  |b h  |c 2002/3/19  |d c  |e jlanham  |f 11:04:58 am 
999 |a MARS 
999 f f |s 628137ce-e622-341e-a84b-8698b62256c2  |i cde09dd6-dd39-3aa9-b9a7-5b14baad51e6  |t 0 
952 f f |p ric  |a Texas A&M University  |b Rellis Campus  |c Joint Library Facility  |d Remote Storage  |t 0  |e BC71 .C65 2002  |h Library of Congress classification  |i unmediated -- volume  |m A14828699781 
998 f f |a BC71 .C65 2002  |t 0  |l Remote Storage